Statistics for Country Flag by Picture

Click here to take the quiz!

General Stats

  • This quiz has been taken 9 times
    (4 since last reset)
  • The average score is 18 of 30

Answer Stats

Answer% Correct
Angola
100%
Armenia
100%
Austria
100%
Bahamas
100%
Burundi
100%
Canada
100%
Central African Republic
100%
Chad
100%
Chile
100%
Côte d'Ivoire
100%
Dominican Republic
100%
Georgia
100%
Ghana
100%
Guatemala
100%
Guinea
100%
Guyana
100%
Honduras
100%
Iran
100%
Israel
100%
Japan
100%
Jordan
100%
Kuwait
100%
Latvia
100%
Liberia
100%
Luxembourg
100%
Morocco
100%
Nicaragua
100%
North Korea
100%
Oman
100%
Pakistan
100%
Paraguay
100%
Peru
100%
Poland
100%
Saint Kitts & Nevis
100%
Saint Lucia
100%
Samoa
100%
Spain
100%
Ukraine
100%
Venezuela
100%
Yemen
100%
Zambia
100%
Netherlands
67%
Thailand
67%
China
50%
Fiji
50%
Moldova
50%
Togo
50%
United Arab Emirates
50%
Afghanistan
0%
Albania
0%
Algeria
0%
Andorra
0%
Antigua and Barbuda
0%
Argentina
0%
Australia
0%
Azerbaijan
0%
Bahrain
0%
Bangladesh
0%
Barbados
0%
Belarus
0%
Belgium
0%
Belize
0%
Benin
0%
Bhutan
0%
Bolivia
0%
Bosnia and Herzegovina
0%
Botswana
0%
Brazil
0%
Brunei
0%
Bulgaria
0%
Burkina Faso
0%
Cabo Verde
0%
Cambodia
0%
Cameroon
0%
Colombia
0%
Comoros
0%
Congo
0%
Costa Rica
0%
Croatia
0%
Cuba
0%
Cyprus
0%
Czech Republic
0%
Denmark
0%
Djibouti
0%
Dominica
0%
DR Congo
0%
Ecuador
0%
Egypt
0%
El Salvador
0%
Equatorial Guinea
0%
Eritrea
0%
Estonia
0%
Eswatini
0%
Ethiopia
0%
Finland
0%
France
0%
Gabon
0%
Gambia
0%
Germany
0%
Greece
0%
Grenada
0%
Guinea-Bissau
0%
Haiti
0%
Holy See
0%
Hungary
0%
Iceland
0%
India
0%
Indonesia
0%
Iraq
0%
Ireland
0%
Italy
0%
Jamaica
0%
Kazakhstan
0%
Kenya
0%
Kiribati
0%
Kyrgyztan
0%
Laos
0%
Lebanon
0%
Lesotho
0%
Libya
0%
Liechtenstein
0%
Lithuania
0%
Madagascar
0%
Malawi
0%
Malaysia
0%
Maldives
0%
Mali
0%
Malta
0%
Marshall Islands
0%
Mauritania
0%
Mauritius
0%
Mexico
0%
Micronesia
0%
Monaco
0%
Mongolia
0%
Montenegro
0%
Mozambique
0%
Myanmar
0%
Namibia
0%
Nauru
0%
Nepal
0%
New Zealand
0%
Niger
0%
Nigeria
0%
North Macedonia
0%
Norway
0%
Palau
0%
Panama
0%
Papua New Guinea
0%
Phillippines
0%
Portugal
0%
Qatar
0%
Romania
0%
Russia
0%
Rwanda
0%
Saint Vincent & Grenadines
0%
San Marino
0%
Sao Tome & Principe
0%
Saudi Arabia
0%
Senegal
0%
Serbia
0%
Seychelles
0%
Sierra Leone
0%
Singapore
0%
Slovakia
0%
Slovenia
0%
Solomon Islands
0%
Somalia
0%
South Africa
0%
South Korea
0%
South Sudan
0%
Sri Lanka
0%
Sudan
0%
Suriname
0%
Sweden
0%
Switzerland
0%
Syria
0%
Tajikistan
0%
Tanzania
0%
Timor Leste
0%
Tonga
0%
Trinidad and Tobago
0%
Tunisia
0%
Turkey
0%
Turkmenistan
0%
Tuvalu
0%
Uganda
0%
United Kingdoms
0%
United States
0%
Uruguay
0%
Uzbekistan
0%
Vanuatu
0%
Vietnam
0%
Zimbabwe
0%

Score Distribution

Percentile by Number Answered

Percent of People with Each Score

Your Score History

You have not taken this quiz since the last reset